000 00352 a2200157 4500
001 177075
020 _a
040 _cMagnum
100 _a-
240 1 0 _aBrasil 500 anos - 1831 a 1999
_lpor
245 1 0 _aBrasil 500 anos - 1831 a 1999
362 0 _a1899
440 1 _aFolha de São Paulo
697 _aMAGNITO: HISTORIA DO BRASIL
942 _cBK
999 _c177075
_d177075